00372nam a2200121Ia 4500008004100000245010900041260001700150260000900167300000900176650002300185650001200208856003000220170516s9999 xx 000 0 und d aIdentification of 7 Proteins in Sera of RA Patients with Potential to Predict ETA/MTX Treatment Response bTheranostics c2015 a5:11 xMedical Technology xMedtech uhttp://www.thno.org/v5i11